00446nam a22001577a 450000500170000001000150001702000250003203500140005703700130007108200080008410000190009224500460011126000500015727000610020730000200026820220412125220.0 aENG-132284 a9788123430171c80.00 aEN-115816 bDBAD/PUB a000 aKaruppanan, U. aGeneral Knowledge Animals/cU. Karuppanan aChennaibNew Century Book House (P) Ltdc2015 bChennaia41-B, SIDCO Industrial Estate, Ambatture600098 a95p.c22cm(pbk)